The New Lexicon Websterʼs dictionary of the English language. (Record no. 18226)
[ view plain ]
| 000 -LEADER | |
|---|---|
| fixed length control field | 02312nam a22003254a 4500 |
| 005 - DATE AND TIME OF LATEST TRANSACTION | |
| control field | 20040817122949.0 |
| 008 - FIXED-LENGTH DATA ELEMENTS--GENERAL INFORMATION | |
| fixed length control field | 040526r20041994nyua de 000 0 eng |
| 010 ## - LCCN (DPL NO) | |
| LC control number | B-285146-147 |
| 020 ## - INTERNATIONAL STANDARD BOOK NUMBER | |
| International Standard Book Number | 0717246930 (set) |
| Terms of availability | 3437.50 (set of 2 vols.) |
| 035 ## - SYSTEM CONTROL NUMBER | |
| System control number | B-285146-147 |
| 040 ## - CATALOGING SOURCE | |
| Original cataloging agency | dpl |
| Language of cataloging | English |
| 082 ## - DEWEY DECIMAL CLASSIFICATION NUMBER | |
| Classification number | 423 |
| 245 ## - TITLE STATEMENT | |
| Title | The New Lexicon Websterʼs dictionary of the English language. |
| 246 ## - VARYING FORM OF TITLE | |
| Title proper/short title | Webster's dictionary of the English language. |
| 250 ## - EDITION STATEMENT | |
| Edition statement | Encyclopedic ed. |
| 260 ## - PUBLICATION, DISTRIBUTION, ETC. (IMPRINT) | |
| Place of publication, distribution, etc | New York : |
| Name of publisher, distributor, etc | Lexicon Publications, Inc. |
| Date of publication, distribution, etc | 2004. |
| 270 ## - ADDRESS | |
| Address | Danbury, CT |
| City | New York, USA |
| 300 ## - PHYSICAL DESCRIPTION | |
| Extent | 2 v. (xxxii, 704p.; iii, 705-1149p.) |
| Other physical details | ill. (some col.) ; |
| Dimensions | 28cm.(Hb) |
| 650 ## - SUBJECT ADDED ENTRY--TOPICAL TERM | |
| Topical term or geographic name as entry element | English language |
| Form subdivision | Dictionaries. |
| 710 ## - ADDED ENTRY--CORPORATE NAME | |
| Corporate name or jurisdiction name as entry element | Lexicon Publications (Firm) |
| 942 ## - ADDED ENTRY ELEMENTS (KOHA) | |
| Source of classification or shelving scheme | Dewey Decimal Classification |
| Item type | English Books |
| Classification part | 423 |
| Call number suffix | NEW |
| Withdrawn status | Lost status | Source of classification or shelving scheme | Materials specified (bound volume or other part) | Damaged status | Not for loan | Collection code | Home library | Current library | Shelving location | Date acquired | Source of acquisition | Cost, normal purchase price | Total Checkouts | Full call number | Barcode | Date last seen | Copy number | Cost, replacement price | Koha item type | Public note |
|---|---|---|---|---|---|---|---|---|---|---|---|---|---|---|---|---|---|---|---|---|
| Dewey Decimal Classification | v.1 | Not For Loan | Non-fiction | Central Library | Central Library | Reference | 12/01/2009 | Grolier/G-07-0232/23.7.08/54/16.5.08/11.9.08 | 3437.50 | 423 NEW | B-285408 | 12/01/2009 | 1 | 3437.50 | English Books | v.1 | ||||
| Dewey Decimal Classification | V.2 | Not For Loan | Non-fiction | Central Library | Central Library | Reference | 12/01/2009 | Grolier/G-07-0232/23.7.08/54/16.5.08/11.9.08 | 3437.50 | 423 NEW | B-285410 | 12/01/2009 | 1 | 3437.50 | English Books | V.2 | ||||
| Dewey Decimal Classification | V.1 | Not For Loan | Non-fiction | Patel Nagar | Patel Nagar | Reference | 12/01/2009 | Grolier/G-07-0232/23.7.08/54/16.5.08/11.9.08 | 3437.50 | 423 NEW | B-285409 | 12/01/2009 | 1 | 3437.50 | English Books | V.1 | ||||
| Dewey Decimal Classification | v.1 | Not For Loan | Non-fiction | Vinoba Puri | Vinoba Puri | Reference | 12/01/2009 | Grolier/G-07-0230/23.7.08/130/21.7.08/11.9.08/ | 3437.50 | 423 NEW | B-285146 | 10/11/2008 | 1 | 3437.50 | English Books | v.1 | ||||
| Dewey Decimal Classification | v.2 | Not For Loan | Non-fiction | Vinoba Puri | Vinoba Puri | Reference | 10/11/2008 | Grolier/G-07-0230/23.7.08/130/21.7.08/11.9.08/ | 3437.50 | 423 NEW | B-285147 | 10/11/2008 | 1 | 3437.50 | English Books | v.2 | ||||
| Dewey Decimal Classification | V.2 | Not For Loan | Non-fiction | Patel Nagar | Vinoba Puri | Reference | 12/01/2009 | Grolier/G-07-0232/23.7.08/54/16.5.08/11.9.08 | 3437.50 | 423 NEW | B-285411 | 11/07/2009 | 1 | 3437.50 | English Books | V.2 |
